| 000 | 00721nam a2200253 a 4500 | ||
|---|---|---|---|
| 005 | 20210219152934.0 | ||
| 008 | 991125n 000 0 u | ||
| 035 | _aUPN01000067849 | ||
| 100 | _aBrown, Ronald T. | ||
| 222 | _aJOURNAL OF LEARNING DISABILITIES | ||
| 245 | _aCognitive, neuropsychological, and academic squelae in children with leukemia | ||
| 300 | _a74-90 | ||
| 362 | _a26, No. 2, 1993 | ||
| 505 | _aAgosto 1993 | ||
| 653 | 0 | _aCANCER | |
| 653 | 0 | _aENFERMEDADES | |
| 653 | 0 | _aIMPEDIMENTOS NEUROLOGICOS | |
| 653 | 0 | _aNECESIDADES EDUCATIVAS | |
| 653 | 0 | _aRESULTADOS DEL TRATAMIENTO | |
| 653 | 0 | _aSERVICIOS MEDICOS | |
| 700 | _aMadan-Swain, Avi | ||
| 904 |
_aAC _b005660 |
||
| 905 | _aArticulo | ||
| 999 |
_c64223 _d64223 |
||